| 000 | 00476cam a2200181ua 4500 | ||
|---|---|---|---|
| 020 | _c2.5 | ||
| 041 |
_aeng _h |
||
| 082 |
_a362 _bSCH/SO |
||
| 100 | _aSchottland, Charles I . | ||
| 245 |
_aSocial security program in the United states / _cCharles I Schottland. _hTextual Documents |
||
| 250 |
_a1 / _b. |
||
| 260 |
_aNew York : _bAppleton-century-croffs, INC , _c1967. |
||
| 300 | _a217 ; . | ||
| 365 | _a2.5 | ||
| 504 | _a | ||
| 942 | _cBK | ||
| 999 |
_c11428 _d11428 |
||